Personnages Disney/Pixar en images - P - Statistiques

Statistiques générales
  • Ce quiz a été pris 627 fois
  • Le résultat moyen est 12 sur 20
Statistiques - réponses
Par images Réponse % Correct
Peter Pan
100%
Pinocchio
97%
Pumbaa
97%
Porcinet
94%
Panpan
91%
Pocahontas
91%
Polochon
86%
Prof
81%
Pascal
79%
Phinéas Flynn
79%
Pongo
64%
Pat Hibulaire
63%
Philippe
59%
Panique
35%
Pacha
26%
Pepa Madrigal
22%
Papi Pépite
21%
Percy
17%
Panchito Pistoles
5%
Powerline
4%
Aucun quiz correspondant
Distribution des résultats
% des personnes avec chaque résultat
Percentile par nombre de réponses
Votre historique - résultats
Vous n’avez pas pris ce quiz